Essays on crop plant evolution. (Record no. 75149)
[ view plain ]
| 000 -LEADER | |
|---|---|
| fixed length control field | 00879cam a22002891 4500 |
| 001 - CONTROL NUMBER | |
| control field | 75149 |
| 003 - CONTROL NUMBER IDENTIFIER | |
| rucl marc code | BD-RjUL |
| 005 - DATE AND TIME OF LATEST TRANSACTION | |
| control field | 20211209082643.0 |
| 008 - FIXED-LENGTH DATA ELEMENTS--GENERAL INFORMATION | |
| fixed length control field | 850531s1965 enkab b 000 0 eng |
| 035 ## - SYSTEM CONTROL NUMBER | |
| System control number | (BD-RjUL)75367 |
| 040 ## - CATALOGING SOURCE | |
| Original cataloging agency | DLC/ICU |
| Transcribing agency | ICU |
| Modifying agency | DLC |
| Language of cataloging | eng |
| 041 ## - LANGUAGE CODE | |
| Language code of text/sound track or separate title | eng |
| 082 00 - DEWEY DECIMAL CLASSIFICATION NUMBER | |
| Classification number | 581.38 |
| 100 ## - MAIN ENTRY--PERSONAL NAME | |
| Personal name | 1976-06-03 |
| Dates associated with a name | 1902- |
| Relator term | ed. |
| 9 (RLIN) | 227383 |
| 245 00 - TITLE STATEMENT | |
| Title | Essays on crop plant evolution. |
| Statement of responsibility, etc. | Edited by Joseph Hutchinson. |
| 260 ## - PUBLICATION, DISTRIBUTION, ETC. (IMPRINT) | |
| Place of publication, distribution, etc. | Cambridge, |
| Name of publisher, distributor, etc. | University Press, |
| Date of publication, distribution, etc. | 1965. |
| 300 ## - PHYSICAL DESCRIPTION | |
| Pagination | vii, 204 p. |
| Illustrations | illus., maps. |
| Size | 23 cm. |
| 504 ## - BIBLIOGRAPHY, ETC. NOTE | |
| Bibliography, etc | Bibliography: p. [182]-194. |
| 650 #0 - SUBJECT ADDED ENTRY--TOPICAL TERM | |
| Topical term or geographic name as entry element | Plant hybridization. |
| 9 (RLIN) | 227384 |
| Topical term or geographic name as entry element | Plant breeding. |
| 9 (RLIN) | 227385 |
| Topical term or geographic name as entry element | Plants, Cultivated. |
| 9 (RLIN) | 227386 |
| 700 ## - ADDED ENTRY--PERSONAL NAME | |
| Personal name | Hutchinson, Joseph |
| Dates associated with a name | 1902- |
| 906 ## - LOCAL DATA ELEMENT F, LDF (RLIN) | |
| a | 7 |
| b | cbc |
| c | orignew |
| d | u |
| e | ocip |
| f | 19 |
| g | y-gencatlg |
| 942 ## - ADDED ENTRY ELEMENTS (KOHA) | |
| Source of classification or shelving scheme | Dewey Decimal Classification |
| Koha item type | Books |
| Lost status | Source of classification or shelving scheme | Damaged status | Not for loan | Collection code | Permanent Location | Current Location | Shelving location | Date acquired | Total Checkouts | Full call number | Date last seen | Copy number | Koha item type |
|---|---|---|---|---|---|---|---|---|---|---|---|---|---|
| Dewey Decimal Classification | Not For Loan | Non-fiction | Central Library, University of Rajshahi | Central Library, University of Rajshahi | Reading Room | 26/01/2019 | 631.523 HUE 1965 | 26/01/2019 | C-1 | Books |